The Highest Peaks Of The Rocky Mountains - Statistics

General Stats
  • This quiz has been taken 35 times
  • The average score is 3 of 10
Answer Stats
Height Metres Answer % Correct
4401 Elbert
100%
4395 Harvard
62%
4398 Massive
50%
4356 Lincoln
19%
4374 Blanca Peak
15%
4352 Castle
15%
4359 Crestone
15%
4352 Grays
15%
4372 La Plata Peak
8%
4365 Uncompahgre
0%
No matching quizzes found
Score Distribution
Percent of People with Each Score
Percentile by Number Answered
Your Score History
You have not taken this quiz